MARC

LEADER 00000nam0a2200000 4500
001 279798
005 20231101235238.0
035 |a (RuTPU)RU\TPU\book\303103 
090 |a 279798 
100 |a 20141223d1985 k y0rusy50 ca 
101 0 |a rus 
102 |a BY 
105 |a a z 001zy 
200 1 |a Интерпретация материалов каротажа в сложных разрезах нефтеперспективных толщ  |e сборник научных трудов  |f Белорусский научно-исследовательский геологоразведочный институт ; под ред. В. В. Масюкова 
210 |a Минск  |c Изд-во БелНИГРИ  |d 1985 
215 |a 93 с.  |c ил. 
320 |a Библиогр. в конце ст. 
606 1 |a Нефтегазоносность  |x Каротаж  |2 stltpush  |3 (RuTPU)RU\TPU\subj\45602  |9 64795 
610 1 |a геология 
610 1 |a нефтяные месторождения 
610 1 |a литологический состав 
610 1 |a радиоактивность 
610 1 |a межсолевые отложения 
610 1 |a песчано-алевритовые породы 
610 1 |a каротаж 
610 1 |a скважины 
610 1 |a коллекторы 
610 1 |a физические исследования 
610 1 |a терригенные отложения 
610 1 |a гамма-каротаж 
610 1 |a коллекторские свойства 
610 1 |a научные труды 
675 |a 553.98:550.832  |v 4 
702 1 |a Масюков  |b В. В.  |4 340 
712 0 2 |a Белорусский научно-исследовательский геологоразведочный институт  |2 stltpush  |3 (RuTPU)RU\TPU\col\7965  |9 24442 
801 1 |a RU  |b 63413507  |c 20141223 
801 2 |a RU  |b 63413507  |c 20170420  |g RCR 
942 |c BK